00297nam a22001097a 4500003000400000020001800004082001700022100001400039245008600053260004000139300000800179SGT a9781593850616 a362.88 bCLI aCLING B J aSEXUALIZED VIOLENCE AGAINST WOMEN AND CHILDRENbA PSYCHOLOGY AND LAW PERSPECTIVE aNEW YORK bTHE GUILFORD PRESSc2004 a305